[Event "C.to Regionale Umbria"]
[Site "Foligno ITA"]
[Date "2010.06.04"]
[Round "3"]
[White "Santocchi, Nicolas"]
[Black "Cuppone, Fiorinto"]
[Result "1/2-1/2"]
[WhiteElo "1512"]
[BlackElo "1619"]
[PlyCount "51"]
[EventDate "2010.06.04"]

1. e4 c5 2. Nf3 a6 3. d4 cxd4 4. Nxd4 e6 5. Nc3 Qc7 6. Be2 b5 7. O-O Bb7 8. a3
Nf6 9. Bd3 Be7 10. Re1 d6 11. f4 Nc6 12. Nf3 Ng4 13. Be3 O-O 14. Qd2 Rac8 15.
h3 Nxe3 16. Qxe3 Na5 17. Rad1 Nc4 18. Bxc4 Qxc4 19. Qd4 Qc7 20. Kh1 Rfd8 21.
Rd3 Qb8 22. Qe3 Rc4 23. Rd4 Rc6 24. Rd3 Rdc8 25. Nd5 Rc4 26. f5 1/2-1/2

[Event "C.to Regionale Umbria"]
[Site "Foligno ITA"]
[Date "2010.06.04"]
[Round "3"]
[White "Sirci, Gianluca"]
[Black "Maddaloni, Giovanni"]
[Result "1/2-1/2"]
[WhiteElo "1401"]
[BlackElo "1772"]
[PlyCount "53"]
[EventDate "2010.06.04"]

1. e4 e6 2. Nf3 d5 3. Bd3 c5 4. exd5 exd5 5. O-O Nf6 6. Ne5 Be7 7. Bb5+ Nbd7 8.
d4 O-O 9. Re1 cxd4 10. Qxd4 Bc5 11. Qh4 Qa5 12. Nc3 d4 13. Nc4 Qd8 14. Na4 a6
15. Bxd7 Nxd7 16. Qxd8 Rxd8 17. Nxc5 Nxc5 18. Nb6 Rb8 19. Bf4 Be6 20. Bxb8 Rxb8
21. b4 Nd7 22. Nxd7 Bxd7 23. Rad1 Be6 24. a4 Rc8 25. Rxd4 Re8 26. Re2 Rc8 27.
Rd3 {...} 1/2-1/2

[Event "C.to Regionale Umbria"]
[Site "Foligno ITA"]
[Date "2010.06.05"]
[Round "4"]
[White "Bassini, Massimo"]
[Black "Castaldini, Marzia"]
[Result "1-0"]
[WhiteElo "1588"]
[BlackElo "1425"]
[PlyCount "97"]
[EventDate "2010.06.04"]

1. d4 d5 2. Nf3 c6 3. c4 Bf5 4. Nc3 e6 5. e3 Nf6 6. Bd3 Bxd3 7. Qxd3 Be7 8. O-O
O-O 9. c5 b6 10. b4 b5 11. a4 Na6 12. axb5 Nxb4 13. Qb1 a5 14. bxa6 Nxa6 15.
Na4 Nc7 16. Ne5 Qe8 17. Qb7 Qc8 18. Qxc8 Rfxc8 19. Nxc6 Bd8 20. Bb2 Nce8 21.
Nxd8 Rxd8 22. Nb6 Rxa1 23. Rxa1 Nc7 24. Ra7 Nfe8 25. Kf1 f5 26. Ke2 g5 27. f3
Kg7 28. Bc1 Kg6 29. Bd2 h5 30. Be1 e5 31. Bf2 Nb5 32. Ra8 Rxa8 33. Nxa8 Na7 34.
dxe5 Kf7 35. Bg3 h4 36. Be1 f4 37. exf4 gxf4 38. Bxh4 Nc6 39. Bg5 Nxe5 40. Bxf4
Nc6 41. Kd3 Ng7 42. Nc7 d4 43. g4 Ne6 44. Nxe6 Kxe6 45. Kc4 Ne5+ 46. Bxe5 Kxe5
47. c6 d3 48. Kxd3 Kd6 49. g5 1-0

[Event "C.to Regionale Umbria"]
[Site "Foligno ITA"]
[Date "2010.06.05"]
[Round "4"]
[White "Bonugli, Carlo"]
[Black "Ficco, Corrado"]
[Result "0-1"]
[WhiteElo "2020"]
[BlackElo "2150"]
[PlyCount "88"]
[EventDate "2010.06.04"]

1. e4 c5 2. Nc3 e6 3. g3 Nc6 4. Bg2 g6 5. d3 d6 6. f4 Bg7 7. Nf3 Nge7 8. Be3
Nd4 9. O-O O-O 10. e5 Nef5 11. Bf2 Nxf3+ 12. Qxf3 Nd4 13. Qd1 dxe5 14. fxe5 Rb8
15. Ne4 b6 16. c3 Nf5 17. d4 cxd4 18. cxd4 Bb7 19. Re1 Bd5 20. Qd2 Rc8 21. Nc3
Bxg2 22. Kxg2 Qd7 23. g4 Ne7 24. Rac1 Qb7+ 25. Kg1 Qf3 26. Qe2 Qxe2 27. Rxe2
Nd5 28. g5 Rfd8 29. Rec2 Nf4 30. Rf1 Nh3+ 31. Kg2 Nxg5 32. Re2 h6 33. Be3 Nh7
34. Kf3 h5 35. Rd2 Rd7 36. Ne4 Bf8 37. a3 Be7 38. Nc3 Bxa3 39. Nb5 Bb4 40. Rd3
a6 41. Na3 Rd5 42. Bd2 a5 43. Be3 Nf8 44. Nb1 44... Nd7 {...} 0-1

[Event "C.to Regionale Umbria"]
[Site "Foligno ITA"]
[Date "2010.06.05"]
[Round "4"]
[White "Calandri, Fausto"]
[Black "Tortolini, Francesco"]
[Result "1-0"]
[WhiteElo "2108"]
[BlackElo "1922"]
[PlyCount "95"]
[EventDate "2010.06.04"]

1. e4 g6 2. d4 Bg7 3. Nf3 d6 4. Nc3 Nc6 5. Be3 Nf6 6. h3 O-O 7. Be2 e5 8. dxe5
Nxe5 9. Nd4 Re8 10. Qd2 Nc6 11. f3 Nxd4 12. Bxd4 Nh5 13. O-O-O Bxd4 14. Qxd4
Qg5+ 15. Kb1 Ng3 16. Rhe1 Nxe2 17. Rxe2 Be6 18. Red2 a5 19. Qf2 a4 20. h4 Qa5
21. Nd5 a3 22. b3 Bxd5 23. Rxd5 b5 24. Qd4 c5 25. Qd2 Qd8 26. Qf4 Qa5 27. Qd2
Qd8 28. Qg5 Qa5 29. Rxd6 c4 30. Qf6 cxb3 31. cxb3 Rac8 32. Rd7 Rf8 33. h5 Qc3
34. Qxc3 Rxc3 35. h6 Re3 36. Rd8 Re2 37. R1d2 Re1+ 38. Kc2 Ra1 39. Kc3 f5 40.
exf5 gxf5 41. Rxf8+ Kxf8 42. Kb4 Rh1 43. Rd5 Rxh6 44. Rxf5+ Kg7 45. Kxb5 Kg6
46. Rc5 Rh5 47. Rxh5 Kxh5 48. g3 1-0

[Event "C.to Regionale Umbria"]
[Site "Foligno ITA"]
[Date "2010.06.05"]
[Round "4"]
[White "Cenci, Federico"]
[Black "Pastore, Cosmas"]
[Result "1/2-1/2"]
[WhiteElo "1986"]
[BlackElo "1823"]
[PlyCount "48"]
[EventDate "2010.06.04"]

1. d4 d5 2. c4 c6 3. Nc3 Nf6 4. e3 e6 5. Nf3 Nbd7 6. Bd3 dxc4 7. Bxc4 b5 8. Bd3
a6 9. e4 c5 10. e5 cxd4 11. Ne2 Nd5 12. Nexd4 Bb7 13. O-O Be7 14. Qe2 Nc5 15.
Bb1 Rc8 16. Rd1 Qc7 17. Bd2 Qb8 18. Ng5 g6 19. Ndf3 O-O 20. h4 h6 21. Nh3 Kg7
22. Nf4 Rh8 23. Nd3 Nd7 24. Nf4 Nc5 1/2-1/2

[Event "C.to Regionale Umbria"]
[Site "Foligno ITA"]
[Date "2010.06.05"]
[Round "4"]
[White "Cuppone, Fiorinto"]
[Black "Militello, Michele"]
[Result "1/2-1/2"]
[WhiteElo "1619"]
[BlackElo "1835"]
[PlyCount "25"]
[EventDate "2010.06.04"]

1. e4 d6 2. d4 Nf6 3. Nc3 Nbd7 4. Be3 e5 5. f3 Be7 6. Nge2 c6 7. g4 exd4 8.
Nxd4 Ne5 9. Be2 h6 10. O-O g5 11. h3 Ng6 12. Qd2 Nh7 13. Rad1 1/2-1/2

[Event "C.to Regionale Umbria"]
[Site "Foligno ITA"]
[Date "2010.06.05"]
[Round "4"]
[White "Fracasso Pezzolato, Michele"]
[Black "Santocchi, Nicolas"]
[Result "1-0"]
[WhiteElo "1792"]
[BlackElo "1512"]
[PlyCount "57"]
[EventDate "2010.06.04"]

1. e4 c5 2. Nc3 Nc6 3. g3 g6 4. Bg2 Bg7 5. d3 Nf6 6. f4 d6 7. Nf3 O-O 8. O-O e6
9. h3 a6 10. Ne2 Qc7 11. g4 b5 12. Ng3 d5 13. Qe1 Re8 14. c3 Bb7 15. Qf2 Ne7
16. Ne5 Rac8 17. f5 Nxe4 18. dxe4 Bxe5 19. fxg6 Nxg6 20. Nh5 dxe4 21. Bh6 Qe7
22. Rae1 e3 23. Qxe3 Bxg2 24. Kxg2 Qb7+ 25. Kg1 Qe7 26. Bg5 Qf8 27. Bf6 Bd6 28.
Bg7 Qe7 29. Qh6 1-0

[Event "C.to Regionale Umbria"]
[Site "Foligno ITA"]
[Date "2010.06.05"]
[Round "4"]
[White "Maddaloni, Giovanni"]
[Black "Pulcini, Lorenzo"]
[Result "1-0"]
[WhiteElo "1772"]
[BlackElo "1518"]
[PlyCount "75"]
[EventDate "2010.06.04"]

1. e4 c6 2. d4 d5 3. Nc3 dxe4 4. Nxe4 Bf5 5. Ng3 Bg6 6. h4 h6 7. Nf3 Nd7 8. h5
Bh7 9. Bd3 Bxd3 10. Qxd3 e6 11. Bd2 Ngf6 12. O-O-O Qc7 13. Ne4 O-O-O 14. g3
Nxe4 15. Qxe4 Nf6 16. Qe2 Bd6 17. c4 Qe7 18. Bc3 Bc7 19. Ne5 Bxe5 20. dxe5 Nd7
21. f4 g5 22. hxg6 fxg6 23. Rd6 Nb8 24. Rhd1 Rd7 25. Qe3 b6 26. c5 Rhd8 27.
cxb6 axb6 28. Qxb6 Rxd6 29. exd6 Rxd6 30. Rxd6 Qxd6 31. Be5 Qd8 32. Qxb8+ Kd7
33. Qxd8+ Kxd8 34. Kd2 g5 35. fxg5 hxg5 36. Kd3 Kc8 37. Kc4 Kb7 38. Kc5 1-0

[Event "C.to Regionale Umbria"]
[Site "Foligno ITA"]
[Date "2010.06.05"]
[Round "4"]
[White "Marsili, Riccardo"]
[Black "Ballarini, Martin"]
[Result "1-0"]
[WhiteElo "1907"]
[BlackElo "1461"]
[PlyCount "70"]
[EventDate "2010.06.04"]

1. e4 c5 2. Nf3 d6 3. d4 cxd4 4. Nxd4 Nf6 5. Nc3 a6 6. f3 e5 7. Nb3 Be6 8. Be3
Nbd7 9. Qd2 Be7 10. O-O-O Qc7 11. g4 Bxb3 12. axb3 Nc5 13. Kb1 Ne6 14. g5 Nh5
15. Nd5 Qd8 16. Nxe7 Kxe7 17. h4 g6 18. Bh3 Rf8 19. Bg4 Qc7 20. Bxh5 gxh5 21.
f4 exf4 22. Bxf4 Rfd8 23. Bg3 a5 24. Rhf1 Ra6 25. Qf2 Ke8 26. Qf6 b5 27. Qh8+
Nf8 28. e5 Rc8 29. Rd2 d5 30. e6 Qxg3 31. Rxf7 Qd6 32. Rdf2 Kd8 33. Rxf8+ Kc7
34. Rxc8+ Kb7 35. Rb8+ Kc6 1-0

[Event "C.to Regionale Umbria"]
[Site "Foligno ITA"]
[Date "2010.06.05"]
[Round "4"]
[White "Minelli, Francesco"]
[Black "De Santis, Alessio"]
[Result "0-1"]
[WhiteElo "1852"]
[BlackElo "2316"]
[PlyCount "60"]
[EventDate "2010.06.04"]

1. e4 b6 2. d4 Bb7 3. Nc3 e6 4. Bd3 Nf6 5. Bg5 h6 6. Bh4 g5 7. Bg3 Bb4 8. f3
Nh5 9. Nge2 Nxg3 10. hxg3 Nc6 11. Qd2 Qf6 12. a3 Bxc3 13. Qxc3 O-O-O 14. O-O-O
h5 15. Bc4 Rh6 16. d5 Qxc3 17. Nxc3 Ne5 18. Ba2 Rdh8 19. Rh2 h4 20. Rdh1 Ba6
21. g4 h3 22. gxh3 Nxf3 23. Rf2 Rxh3 24. Rd1 Ne5 25. Ne2 Bxe2 26. Rxe2 Rg3 27.
Rf1 Rxg4 28. Bb3 Rf4 29. Rff2 Rxf2 30. Rxf2 g4 0-1

[Event "C.to Regionale Umbria"]
[Site "Foligno ITA"]
[Date "2010.06.05"]
[Round "4"]
[White "Parrini, Daniele"]
[Black "Sabia, Corrado"]
[Result "1/2-1/2"]
[WhiteElo "2120"]
[BlackElo "2209"]
[PlyCount "71"]
[EventDate "2010.06.04"]

1. e4 e5 2. Nf3 Nc6 3. Bb5 a6 4. Ba4 Nf6 5. O-O Be7 6. Re1 b5 7. Bb3 d6 8. c3
O-O 9. h3 Na5 10. Bc2 c5 11. d4 Qc7 12. Nbd2 Bd7 13. Nf1 Nc4 14. b3 Nb6 15. d5
c4 16. Ba3 Bd8 17. Bb2 a5 18. Ne3 cxb3 19. axb3 a4 20. Nd2 axb3 21. Bxb3 Na4
22. Bxa4 bxa4 23. Ba3 Ra6 24. Qe2 Qb7 25. Nc2 Ba5 26. Nb4 Bxb4 27. Bxb4 Rc8 28.
Ra3 Rb6 29. Rea1 Qb8 30. Kh2 Bb5 31. Qe3 Nd7 32. Nf3 Rc4 33. Nd2 Rc8 34. Nf3
Rc4 35. Nd2 Rc8 36. Nf3 1/2-1/2

[Event "C.to Regionale Umbria"]
[Site "Foligno ITA"]
[Date "2010.06.05"]
[Round "4"]
[White "Puglisi, Vincenzo"]
[Black "Anasetti, Alberto"]
[Result "1-0"]
[WhiteElo "2015"]
[BlackElo "1673"]
[PlyCount "53"]
[EventDate "2010.06.04"]

1. e4 c6 2. d4 d5 3. f3 dxe4 4. fxe4 Nf6 5. e5 Bg4 6. Nf3 Nd5 7. c4 Nb6 8. Be3
e6 9. Bd3 Be7 10. O-O N8d7 11. Qe1 Bxf3 12. Rxf3 Nxe5 13. dxe5 Qxd3 14. Bxb6
Qxc4 15. Bf2 O-O 16. Nc3 Rfd8 17. Qf1 Qg4 18. Re1 Rd2 19. Rxf7 Rxf2 20. Qxf2
Bc5 21. Rxg7+ Qxg7 22. Qxc5 Rd8 23. Ne4 Kh8 24. Rf1 Rg8 25. g3 b6 26. Qxc6 Qxe5
27. Qc3 1-0

[Event "C.to Regionale Umbria"]
[Site "Foligno ITA"]
[Date "2010.06.05"]
[Round "4"]
[White "Rotoni, Matteo"]
[Black "Caruso, Augusto"]
[Result "0-1"]
[WhiteElo "2142"]
[BlackElo "2261"]
[PlyCount "36"]
[EventDate "2010.06.04"]

1. e4 e5 2. Nf3 Nc6 3. d4 exd4 4. Nxd4 g6 5. Nc3 Bg7 6. Be3 Nf6 7. Qd2 O-O 8.
O-O-O Re8 9. f3 d5 10. exd5 Nxd5 11. Nxc6 bxc6 12. Bg5 Qd6 13. Nxd5 cxd5 14.
Qxd5 Rb8 15. Qxd6 Bxb2+ 16. Kd2 cxd6 17. Bc4 d5 18. Bxd5 Re5 0-1

[Event "C.to Regionale Umbria"]
[Site "Foligno ITA"]
[Date "2010.06.05"]
[Round "4"]
[White "Scipioni, Gaetano"]
[Black "Balducci, Alessandro"]
[Result "1-0"]
[WhiteElo "2048"]
[BlackElo "1774"]
[PlyCount "72"]
[EventDate "2010.06.04"]

1. d4 Nf6 2. Nf3 g6 3. Bf4 d5 4. e3 Bg7 5. h3 O-O 6. Be2 c5 7. c3 Bf5 8. Nbd2
Nbd7 9. O-O Qb6 10. Qb3 h6 11. Ne5 g5 12. Bh2 e6 13. Rfd1 Rfc8 14. Re1 Nxe5 15.
Bxe5 Nd7 16. Bxg7 Kxg7 17. Qa3 a5 18. Nf3 a4 19. Rad1 Qc7 20. Bb5 Nb6 21. Bf1
Nd7 22. Bd3 Bxd3 23. Rxd3 Nb6 24. dxc5 Nc4 25. Qb4 Ra5 26. b3 axb3 27. axb3 Na3
28. Qd4+ f6 29. Qg4 Re8 30. b4 Raa8 31. e4 Nc2 32. Rc1 dxe4 33. Qxe4 Na3 34.
Rd6 Ra6 35. Rcd1 Re7 36. Rxa6 36... bxa6 {...} 1-0

[Event "C.to Regionale Umbria"]
[Site "Foligno ITA"]
[Date "2010.06.05"]
[Round "4"]
[White "Trasciatti, Mirko"]
[Black "Gennari, Dario"]
[Result "1-0"]
[WhiteElo "1926"]
[BlackElo "1836"]
[PlyCount "69"]
[EventDate "2010.06.04"]

1. b3 Nf6 2. Bb2 g6 3. e3 Bg7 4. f4 d6 5. Nf3 O-O 6. Be2 c5 7. O-O Nc6 8. c4 e6
9. a3 d5 10. Ne5 d4 11. Nxc6 bxc6 12. exd4 cxd4 13. d3 Rb8 14. Nd2 c5 15. b4 a6
16. Nb3 Qb6 17. Nxc5 Nd7 18. Nxd7 Bxd7 19. Bc1 Bc6 20. a4 Rfe8 21. b5 Bb7 22.
Bf3 e5 23. fxe5 Bxe5 24. Bxb7 Rxb7 25. Qf3 Rbe7 26. Bd2 axb5 27. axb5 Qc7 28.
Bf4 Re6 29. Ra8 Rxa8 30. Qxa8+ Kg7 31. Qf3 Rf6 32. Bxe5 Qxe5 33. Qxf6+ Qxf6 34.
Rxf6 Kxf6 35. b6 1-0

[Event "C.to Regionale Umbria"]
[Site "Foligno ITA"]
[Date "2010.06.05"]
[Round "4"]
[White "Verdi, Enea"]
[Black "De Lucia, Alfredo"]
[Result "0-1"]
[WhiteElo "1437"]
[BlackElo "1582"]
[PlyCount "92"]
[EventDate "2010.06.04"]

1. e4 e6 2. d4 d5 3. exd5 exd5 4. Nf3 Nf6 5. Bd3 Bg4 6. Bg5 Be7 7. Nbd2 Nc6 8.
c3 O-O 9. Qc2 h6 10. Bh4 Re8 11. O-O a6 12. a4 Nd7 13. Bxe7 Nxe7 14. Rfe1 Nf8
15. h3 Bh5 16. Nh4 Qd6 17. Nf5 Nxf5 18. Bxf5 Bg6 19. Bxg6 Nxg6 20. Nf3 a5 21.
Rxe8+ Rxe8 22. Re1 Rxe1+ 23. Nxe1 Qe6 24. Nd3 Qe4 25. Qd2 Nh4 26. f3 Qxf3 27.
gxf3 Nxf3+ 28. Kf2 Nxd2 29. Ke3 Nc4+ 30. Ke2 b6 31. b3 Nd6 32. Kf3 f6 33. Nf4
c6 34. Ne6 Nc8 35. h4 Ne7 36. Nd8 Kf8 37. Ne6+ Kf7 38. Nd8+ Ke8 39. Ne6 g6 40.
Nf4 Kf7 41. h5 g5 42. Ne2 f5 43. c4 Kf6 44. cxd5 Nxd5 45. Kg3 Ke6 46. Ng1 Nf4
0-1

[Event "C.to Regionale Umbria"]
[Site "Foligno ITA"]
[Date "2010.06.06"]
[Round "5"]
[White "Balducci, Alessandro"]
[Black "Cuppone, Fiorinto"]
[Result "1-0"]
[WhiteElo "1774"]
[BlackElo "1619"]
[PlyCount "43"]
[EventDate "2010.06.04"]

1. f4 d5 2. Nf3 Nf6 3. e3 Bf5 4. b3 e6 5. Bb2 Be7 6. Be2 O-O 7. O-O h6 8. c4
dxc4 9. bxc4 c5 10. Qb3 Nbd7 11. Nc3 Qb6 12. d4 Qxb3 13. axb3 cxd4 14. exd4 Bc2
15. Nd2 Bf5 16. Bf3 Rab8 17. Rxa7 Ra8 18. Rfa1 Rxa7 19. Rxa7 b6 20. Nde4 Bb4
21. Nxf6+ Nxf6 22. Rb7 1-0

[Event "C.to Regionale Umbria"]
[Site "Foligno ITA"]
[Date "2010.06.06"]
[Round "5"]
[White "Ballarini, Martin"]
[Black "Marcugini, Stefano"]
[Result "1-0"]
[WhiteElo "1461"]
[BlackElo "1898"]
[PlyCount "151"]
[EventDate "2010.06.04"]

1. e4 e6 2. d4 d5 3. Nc3 Nf6 4. e5 Nfd7 5. Nb5 a6 6. Bg5 Be7 7. Bxe7 Kxe7 8.
Na3 c5 9. c3 cxd4 10. cxd4 Qa5+ 11. Qd2 Qxd2+ 12. Kxd2 Nc6 13. Ke3 Nb6 14. b3
Bd7 15. f4 Rhc8 16. Bd3 Nb4 17. Ne2 Nxd3 18. Kxd3 Rc7 19. Rac1 Rac8 20. Rxc7
Rxc7 21. g4 f6 22. h4 Nc8 23. g5 f5 24. h5 Na7 25. Nc3 Nc6 26. Rc1 Nb4+ 27. Kd2
Kd8 28. Nc2 Nc6 29. Na4 Nb8 30. Nc5 b6 31. Nd3 Be8 32. Rh1 a5 33. Nde1 a4 34.
b4 Rc4 35. a3 Nc6 36. Nf3 Na7 37. Ne3 Rc7 38. h6 g6 39. Nc2 Nb5 40. Rh3 Rc4 41.
Kd1 Rc3 42. Ng1 Rc4 43. Ne2 Kd7 44. Kd2 Ke7 45. Nc3 Nxd4 46. Ne3 Nb3+ 47. Kc2
Rxf4 48. Nexd5+ exd5 49. Nxd5+ Ke6 50. Nxf4+ Kxe5 51. Ne2 Bf7 52. Re3+ Kd6 53.
Nc3 f4 54. Rd3+ Ke5 55. Nxa4 Nd4+ 56. Kc3 Ne2+ 57. Kd2 Bc4 58. Kxe2 f3+ 59. Ke3
Bxd3 60. Kxd3 Kf4 61. Nc3 f2 62. Ke2 Kxg5 63. Nd5 b5 64. Nc3 Kxh6 65. Nxb5 Kg7
66. a4 h5 67. a5 g5 68. a6 g4 69. Kxf2 h4 70. a7 Kf6 71. a8=Q Kg5 72. Nd4 Kf4
73. Qd5 g3+ 74. Kg2 Ke3 75. Nf5+ Ke2 76. Nxh4 1-0

[Event "C.to Regionale Umbria"]
[Site "Foligno ITA"]
[Date "2010.06.06"]
[Round "5"]
[White "Bonugli, Carlo"]
[Black "Cenci, Federico"]
[Result "1-0"]
[WhiteElo "2020"]
[BlackElo "1986"]
[PlyCount "107"]
[EventDate "2010.06.04"]

1. e4 e5 2. Bc4 Nf6 3. d3 Nc6 4. Nc3 Bb4 5. Nge2 d6 6. O-O Bxc3 7. Nxc3 Nd4 8.
Bg5 h6 9. Bxf6 Qxf6 10. Nd5 Qd8 11. f4 c6 12. Ne3 exf4 13. Rxf4 Qg5 14. g3 Ne6
15. Bxe6 Bxe6 16. Nf5 O-O-O 17. h4 Qf6 18. Nxd6+ Rxd6 19. Rxf6 gxf6 20. Qf3 Rg8
21. Kh2 c5 22. Qxf6 h5 23. Rf1 Rc6 24. Qe5 Rd8 25. Rf6 b6 26. Qc3 Rcd6 27. Rh6
Kb7 28. b3 Bg4 29. Rxd6 Rxd6 30. Qe5 Re6 31. Qg7 Re7 32. Qf6 Rd7 33. Kg2 Bd1
34. Qf2 Kc7 35. Kf1 Kd8 36. Ke1 Bg4 37. Qf6+ Ke8 38. Kd2 Re7 39. Qh8+ Kd7 40.
Qb8 Ke6 41. Ke3 Rd7 42. c3 Ke7 43. d4 cxd4+ 44. cxd4 f6 45. Qg8 Kd6 46. Qf8+
Ke6 47. d5+ Ke5 48. Qb8+ Rd6 49. Qe8+ Be6 50. dxe6 Rxe6 51. Qxh5+ Kd6 52. Qf7
a5 53. h5 f5 54. Qxf5 1-0

[Event "C.to Regionale Umbria"]
[Site "Foligno ITA"]
[Date "2010.06.06"]
[Round "5"]
[White "Calandri, Fausto"]
[Black "Marsili, Riccardo"]
[Result "1/2-1/2"]
[WhiteElo "2108"]
[BlackElo "1907"]
[PlyCount "48"]
[EventDate "2010.06.04"]

1. e4 c5 2. Nf3 Nc6 3. d4 cxd4 4. Nxd4 g6 5. Nc3 Bg7 6. Be3 Nf6 7. Bc4 O-O 8.
Bb3 d6 9. f3 Bd7 10. Qd2 Nxd4 11. Bxd4 b5 12. h4 a5 13. a4 bxa4 14. Nxa4 Bxa4
15. Rxa4 Qc7 16. Qc3 Qxc3+ 17. Bxc3 Nd7 18. Bxg7 Kxg7 19. Ra2 Nc5 20. Bd5 Rab8
21. Kd2 f5 22. Rxa5 Rxb2 23. e5 Rb4 24. Ba8 Rc8 1/2-1/2

[Event "C.to Regionale Umbria"]
[Site "Foligno ITA"]
[Date "2010.06.06"]
[Round "5"]
[White "Cardinali, Egidio"]
[Black "Bassini, Massimo"]
[Result "1-0"]
[WhiteElo "1999"]
[BlackElo "1588"]
[PlyCount "76"]
[EventDate "2010.06.04"]

1. e4 e5 2. Nf3 Nf6 3. Nc3 d6 4. d4 exd4 5. Nxd4 Be7 6. Bd3 O-O 7. O-O Nbd7 8.
f4 Nc5 9. Nf3 Nxd3 10. cxd3 b6 11. h3 Bb7 12. Ne2 c5 13. Ng3 Re8 14. f5 Nd7 15.
Nh2 Ne5 16. Ng4 Ba6 17. f6 Bxf6 18. Nxf6+ gxf6 19. Nf5 Bxd3 20. Rf4 Kh8 21. Rh4
Re6 22. Bh6 Ng6 23. Qxd3 Nxh4 24. Nxh4 Qg8 25. Rf1 Rae8 26. Rf3 f5 27. Nxf5 Rg6
28. g4 Ree6 29. Qc3+ f6 30. Qd2 Qd8 31. Ne3 Rg8 32. Qd5 Re5 33. Qf7 Qe7 34.
Qxf6+ Qxf6 35. Rxf6 Rxe4 36. Nf5 d5 37. Nd6 Rge8 38. Nxe4 dxe4 1-0

[Event "C.to Regionale Umbria"]
[Site "Foligno ITA"]
[Date "2010.06.06"]
[Round "5"]
[White "De Lucia, Alfredo"]
[Black "Anasetti, Alberto"]
[Result "0-1"]
[WhiteElo "1582"]
[BlackElo "1673"]
[PlyCount "56"]
[EventDate "2010.06.04"]

1. e4 c6 2. d4 d5 3. exd5 cxd5 4. Nf3 Bg4 5. Be2 Nc6 6. O-O Nf6 7. Re1 e6 8.
Nbd2 Bd6 9. a3 O-O 10. b4 Rc8 11. Bb2 a6 12. Rc1 Na7 13. Nb3 Bf4 14. Nbd2 Ne4
15. g3 Bh6 16. Rb1 Nxd2 17. Nxd2 Bxe2 18. Rxe2 Nb5 19. Nb3 Nc3 20. Bxc3 Rxc3
21. a4 Qc7 22. a5 Rc8 23. Nc5 g6 24. Qe1 Rf3 25. Kg2 Rf6 26. b5 Bf8 27. b6 Qc6
28. Qc3 Bxc5 0-1

[Event "C.to Regionale Umbria"]
[Site "Foligno ITA"]
[Date "2010.06.06"]
[Round "5"]
[White "De Santis, Alessio"]
[Black "Sabia, Corrado"]
[Result "1/2-1/2"]
[WhiteElo "2316"]
[BlackElo "2209"]
[PlyCount "29"]
[EventDate "2010.06.04"]

1. b3 e5 2. Bb2 d6 3. e3 Nf6 4. d4 Nbd7 5. Nc3 c6 6. Qd2 Be7 7. O-O-O a5 8. g4
h6 9. f3 Qc7 10. Nge2 Nb6 11. a4 Nbd5 12. h4 Nb4 13. e4 Be6 14. Ng3 O-O-O 15.
Nf5 1/2-1/2

[Event "C.to Regionale Umbria"]
[Site "Foligno ITA"]
[Date "2010.06.06"]
[Round "5"]
[White "Ferri, Fabio"]
[Black "Militello, Michele"]
[Result "1-0"]
[WhiteElo "1819"]
[BlackElo "1835"]
[PlyCount "73"]
[EventDate "2010.06.04"]

1. c4 e5 2. Nc3 Nf6 3. Nf3 d6 4. d3 Be7 5. e4 c6 6. Be2 O-O 7. O-O Re8 8. Ne1
d5 9. f4 Bc5+ 10. Kh1 dxc4 11. fxe5 Rxe5 12. Nf3 Re8 13. d4 Bb6 14. Bg5 Qc7 15.
Bxf6 gxf6 16. Nh4 Qe7 17. Bxc4 Be6 18. Nf5 Qf8 19. d5 Bxf5 20. Rxf5 Qh6 21. Qf3
Bc7 22. Rh5 Qg6 23. Rf1 Be5 24. Bd3 Nd7 25. Rh4 Kh8 26. Qh3 Rg8 27. Rh6 Qg7 28.
Nd1 Nf8 29. Ne3 Qg5 30. Rf4 Qg7 31. Rfh4 Bf4 32. Nf5 Bxh6 33. Nxg7 Bxg7 34. e5
h6 35. Rxh6+ Bxh6 36. Qxh6+ Nh7 37. Qxh7# 1-0

[Event "C.to Regionale Umbria"]
[Site "Foligno ITA"]
[Date "2010.06.06"]
[Round "5"]
[White "Ficco, Corrado"]
[Black "Caruso, Augusto"]
[Result "0-1"]
[WhiteElo "2150"]
[BlackElo "2261"]
[PlyCount "82"]
[EventDate "2010.06.04"]

1. e4 e5 2. Nf3 Nc6 3. Bb5 Nd4 4. Nxd4 exd4 5. O-O Bc5 6. c3 a6 7. Bc4 d6 8.
Bb3 Qh4 9. g3 Qh3 10. Qf3 Nf6 11. cxd4 Bxd4 12. Nc3 Bg4 13. Qg2 Qh5 14. Bd1 O-O
15. d3 Bxd1 16. Nxd1 Qe2 17. Nc3 Bxc3 18. bxc3 Qxd3 19. f3 Qxc3 20. Bb2 Qe3+
21. Kh1 Qg5 22. Rae1 b5 23. f4 Qg6 24. f5 Qh6 25. Rf4 Nd7 26. f6 g6 27. Ref1
Rfe8 28. Rh4 Qe3 29. Rf3 Qg5 30. Qh3 Nf8 31. Qf1 Re6 32. Bc1 Qe5 33. Qf2 Rae8
34. Qd2 Rxf6 35. Bb2 Rxf3 36. Bxe5 Rxe5 37. Kg2 Ra3 38. Kh3 Ne6 39. Qh6 Ng5+
40. Kg2 Rxa2+ 41. Kf1 Rc5 0-1

[Event "C.to Regionale Umbria"]
[Site "Foligno ITA"]
[Date "2010.06.06"]
[Round "5"]
[White "Fracasso Pezzolato, Michele"]
[Black "Minelli, Francesco"]
[Result "0-1"]
[WhiteElo "1792"]
[BlackElo "1852"]
[PlyCount "58"]
[EventDate "2010.06.04"]

1. e4 c5 2. Nc3 d6 3. g3 g6 4. Bg2 Bg7 5. d3 e6 6. f4 Ne7 7. Nf3 Nbc6 8. Ne2
O-O 9. c3 Rb8 10. Be3 Qa5 11. O-O b5 12. a3 Qc7 13. d4 Rd8 14. b4 cxb4 15. cxb4
a5 16. Rc1 axb4 17. d5 bxa3 18. dxc6 b4 19. Nfd4 e5 20. Nb3 Nxc6 21. f5 Qd7 22.
Qd5 Bb7 23. fxg6 hxg6 24. Qd3 Rdc8 25. Rc4 Ba6 26. Rfc1 Bxc4 27. Rxc4 Ne7 28.
Bc5 Qb5 29. Rxb4 Qxd3 0-1

[Event "C.to Regionale Umbria"]
[Site "Foligno ITA"]
[Date "2010.06.06"]
[Round "5"]
[White "Gasperoni, Claudio"]
[Black "Santocchi, Nicolas"]
[Result "0-1"]
[WhiteElo "1812"]
[BlackElo "1512"]
[PlyCount "24"]
[EventDate "2010.06.04"]

1. d4 d5 2. c4 c6 3. cxd5 cxd5 4. Nc3 Nc6 5. Bf4 Bf5 6. e3 e6 7. Nf3 Nf6 8. Bb5
Bb4 9. Ne5 Qa5 10. Bxc6+ bxc6 11. O-O Rc8 12. Qa4 Bxc3 0-1

[Event "C.to Regionale Umbria"]
[Site "Foligno ITA"]
[Date "2010.06.06"]
[Round "5"]
[White "Maddaloni, Giovanni"]
[Black "Franco, Alessandro P."]
[Result "0-1"]
[WhiteElo "1772"]
[BlackElo "1843"]
[PlyCount "70"]
[EventDate "2010.06.04"]

1. e4 e6 2. d4 d5 3. e5 c5 4. c3 Nc6 5. Nf3 Bd7 6. g3 Nh6 7. Bxh6 gxh6 8. Bg2
Qb6 9. Qd2 Rg8 10. O-O h5 11. dxc5 Bxc5 12. b4 Be7 13. h4 a5 14. Qd3 Rg7 15.
Nbd2 axb4 16. c4 Rxg3 17. Qxh7 O-O-O 18. Kh2 Rg6 19. cxd5 Rdg8 20. Bh3 exd5 21.
Bxd7+ Kxd7 22. Qxf7 Rg4 23. Qxd5+ Kc8 24. Ne4 Nd4 25. Nfg5 Qg6 26. Rac1+ Kb8
27. Nh3 Rg2+ 28. Kh1 Qg4 29. Neg5 Rxg5 30. Nxg5 Qxh4+ 31. Kxg2 Qxg5+ 32. Kh2
Qh4+ 33. Kg2 Qg4+ 34. Kh2 Nf3+ 35. Qxf3 Qxf3 0-1

[Event "C.to Regionale Umbria"]
[Site "Foligno ITA"]
[Date "2010.06.06"]
[Round "5"]
[White "Pastore, Cosmas"]
[Black "Trasciatti, Mirko"]
[Result "1/2-1/2"]
[WhiteElo "1823"]
[BlackElo "1926"]
[PlyCount "33"]
[EventDate "2010.06.04"]

1. e4 e6 2. d4 d5 3. Nd2 dxe4 4. Nxe4 Bd7 5. Nf3 Bc6 6. Bd3 Nd7 7. Be3 Ngf6 8.
Nxf6+ Nxf6 9. O-O Bd6 10. Bg5 Bxf3 11. Qxf3 c6 12. c3 O-O 13. Bxf6 Qxf6 14.
Qxf6 gxf6 15. Rfe1 Kh8 16. Re3 Rg8 17. Rae1 1/2-1/2

[Event "C.to Regionale Umbria"]
[Site "Foligno ITA"]
[Date "2010.06.06"]
[Round "5"]
[White "Puglisi, Vincenzo"]
[Black "Parrini, Daniele"]
[Result "1-0"]
[WhiteElo "2015"]
[BlackElo "2120"]
[PlyCount "69"]
[EventDate "2010.06.04"]

1. e4 c5 2. Nf3 e6 3. d4 cxd4 4. Nxd4 a6 5. c4 Nf6 6. Nc3 Bb4 7. e5 Qa5 8. exf6
Bxc3+ 9. Bd2 Qe5+ 10. Ne2 Bxd2+ 11. Qxd2 Qxf6 12. Ng3 O-O 13. Be2 Nc6 14. Rd1
e5 15. O-O Nd4 16. Bd3 d6 17. f4 Qe7 18. Rde1 Qc7 19. fxe5 dxe5 20. Qg5 f6 21.
Qh5 g6 22. Qh4 f5 23. Qg5 Ne6 24. Qh6 Nf4 25. Bc2 Be6 26. Rxf4 exf4 27. Rxe6
fxg3 28. Bb3 gxh2+ 29. Kh1 Qg7 30. Qe3 Kh8 31. c5 Rf7 32. Re5 f4 33. Qe4 Rff8
34. Re7 Qxb2 35. Qxb7 1-0